La Liga 2022-2023 Top scorers - Statistics

General Stats
  • This quiz has been taken 52 times
  • The average score is 8 of 12
Answer Stats
Goals Nationlaity Club Player % Correct
23 Poland Barcelona Robert Lewandowski
100%
19 France Real Madrid Karim Benzema
98%
15 France Atlético Madrid Antoine Griezmann
96%
13 Spain Atlético Madrid Álvaro Morata
80%
12 Norway Real Sociedad Alexander Sørloth
67%
16 Spain Espanyol Joselu
67%
12 Spain Celta Vigo Aspas
62%
14 Turkey Getafe Enes Ünal
53%
15 Kosovo Mallorca Vedat Muriqi
53%
15 Spain Real Betis Borja Iglesias
49%
12 Senegal Villarreal Nicolas Jackson
44%
13 Argentina Girona Taty Castellanos
33%
No matching quizzes found
Score Distribution
Percent of People with Each Score
Percentile by Number Answered
Your Score History
You have not taken this quiz